Micro-credit and rural development / (Record no. 28320)

MARC details
000 -LEADER
fixed length control field 01586nam a22003855a 4500
005 - DATE AND TIME OF LATEST TRANSACTION
control field 20090716134757.0
008 - FIXED-LENGTH DATA ELEMENTS--GENERAL INFORMATION
fixed length control field 090203s2009 ii a bs 101 0 eng d
010 ## - LCCN (DPL NO)
LC control number ENG-94435
020 ## - INTERNATIONAL STANDARD BOOK NUMBER
International Standard Book Number 9788184501599
Terms of availability 1680.00
035 ## - SYSTEM CONTROL NUMBER
System control number EN-77968
037 ## - SOURCE OF ACQUISITION
Stock number DBAD / PUB
040 ## - CATALOGING SOURCE
Original cataloging agency dpl
Language of cataloging English
082 ## - DEWEY DECIMAL CLASSIFICATION NUMBER
Classification number 332.710954
245 ## - TITLE STATEMENT
Title Micro-credit and rural development /
Statement of responsibility, etc edited by Anil Kumar Thakur (and) Praveen Sharma
260 ## - PUBLICATION, DISTRIBUTION, ETC. (IMPRINT)
Place of publication, distribution, etc New Delhi
Name of publisher, distributor, etc Deep & Deep Publications
Date of publication, distribution, etc 2009
270 ## - ADDRESS
Address F-159, Rajouri Garden,
City New Delhi
Postal code 110027
300 ## - PHYSICAL DESCRIPTION
Extent xviii, 533 p. :
Other physical details ill. ;
Dimensions 23cm(Hb)
500 ## - GENERAL NOTE
General note "Published on behalf of the Indian Economic Association."
500 ## - GENERAL NOTE
General note Includes index.
500 ## - GENERAL NOTE
General note Includes statistics.
504 ## - BIBLIOGRAPHY, ETC. NOTE
Bibliography, etc Includes bibliographical references.
520 ## - SUMMARY, ETC.
Summary, etc Papers presented at a national conference.
650 ## - SUBJECT ADDED ENTRY--TOPICAL TERM
Topical term or geographic name as entry element Microfinance
Geographic subdivision India
Form subdivision Congresses.
650 ## - SUBJECT ADDED ENTRY--TOPICAL TERM
Topical term or geographic name as entry element Microfinance
Geographic subdivision India
Form subdivision Statistics
-- Congresses.
650 ## - SUBJECT ADDED ENTRY--TOPICAL TERM
Topical term or geographic name as entry element Rural development
Geographic subdivision India
Form subdivision Congresses.
650 ## - SUBJECT ADDED ENTRY--TOPICAL TERM
Topical term or geographic name as entry element Rural development
Geographic subdivision India
Form subdivision Statistics
-- Congresses.
650 ## - SUBJECT ADDED ENTRY--TOPICAL TERM
Topical term or geographic name as entry element Rural credit
Geographic subdivision India
Form subdivision Congresses.
650 ## - SUBJECT ADDED ENTRY--TOPICAL TERM
Topical term or geographic name as entry element Rural credit
Geographic subdivision India
Form subdivision Statistics
-- Congresses.
650 ## - SUBJECT ADDED ENTRY--TOPICAL TERM
Topical term or geographic name as entry element Self-help groups
Geographic subdivision India
Form subdivision Congresses.
700 ## - ADDED ENTRY--PERSONAL NAME
Personal name Thakur, Anil Kumar
700 ## - ADDED ENTRY--PERSONAL NAME
Personal name Sharma, Praveen
710 ## - ADDED ENTRY--CORPORATE NAME
Corporate name or jurisdiction name as entry element Indian Economic Association.
942 ## - ADDED ENTRY ELEMENTS (KOHA)
Source of classification or shelving scheme Dewey Decimal Classification
Item type English Books
Classification part 332.710954
Call number suffix MIC
Holdings
Withdrawn status Lost status Source of classification or shelving scheme Damaged status Not for loan Collection code Home library Current library Date acquired Source of acquisition Cost, normal purchase price Total Checkouts Full call number Barcode Date last seen Copy number Cost, replacement price Koha item type
    Dewey Decimal Classification   Not For Loan Non-fiction D.B.Act.Division D.B.Act.Division 16/07/2009 DBAD / PUB 1680.00   332.710954 MIC EN-77968 16/07/2009 1 1680.00 English Books

© Delhi Public Library
Hit Counter
free hit counter